Località d'élite italiane - Statistics

Statistiche generali
  • Questo quiz è stato fatto 79 volte
    61 dall'ultimo reset
  • Il punteggio medio è 8 su 23
Statistiche sulle risposte
Hint Risposta % Corretto
Liguria Portofino
79%
Campania Capri
75%
Veneto Cortina d'Ampezzo
75%
Toscana Forte dei Marmi
69%
Valle D'Aosta Courmayeur
60%
Sardegna Porto Cervo
60%
Sicilia Taormina
46%
Sardegna Porto Rotondo
40%
Campania Sorrento
40%
Campania Positano
38%
Trentino Alto Adige Madonna di Campiglio
25%
Liguria Santa Margherita Ligure
25%
Lombardia Bellagio
21%
Puglia Polignano a Mare
21%
Piemonte Sestriere
21%
Sicilia Favignana
19%
Puglia Ostuni
17%
Lazio Ponza
17%
Piemonte Stresa
17%
Lombardia Ponte di Legno
15%
Toscana Argentario
13%
Lombardia Cernobbio
13%
Sicilia Isole Eolie
13%
Nessun quiz corrispondente trovato
Distribuzione punteggi
Percentuale di utenti per punteggio
Percentile per numero di risposta
I tuoi punteggi nel tempo
Non hai fatto questo quiz dall'ultimo reset